Board of Trustees of the National Provident Fund v Brierley Investments Ltd (Record no. 20770)

MARC details
000 -LEADER
fixed length control field 00953cab a2200229 4500
001 - CONTROL NUMBER
control field X3492
008 - FIXED-LENGTH DATA ELEMENTS--GENERAL INFORMATION
fixed length control field 090401t1996 xxu||||| |||| 00| 0 eng d
035 ## - SYSTEM CONTROL NUMBER
System control number (Sirsi) u30826
041 ## - LANGUAGE CODE
Language code of text/sound track or separate title eng
245 ## - TITLE STATEMENT
Title Board of Trustees of the National Provident Fund v Brierley Investments Ltd
260 ## - PUBLICATION, DISTRIBUTION, ETC.
Date of publication, distribution, etc. 1996
350 ## - PRICE (NR) (BK AM CF MU VM SE) [OBSOLETE]
Price 0
490 ## - SERIES STATEMENT
Series statement New Property Cases
Volume/sequential designation [1996] NPC 102 (2)
520 ## - SUMMARY, ETC.
Summary, etc. Privy Council 24 June 1996. A contractual obligation in an agreement for a lease not to offer for completion a lease containing a `ratchet clause` does not preclude the execution of a lease containing a provision which has in substance the same effect. (HEADNOTE FROM JOURNAL) - NOT TO BE PHOTOCOPIED.
650 ## - SUBJECT ADDED ENTRY--TOPICAL TERM
Topical term or geographic name entry element BOARD OF TRUSTEES OF THE NATIONAL PROVIDENT FUND V BRIERLEY INVESTMENT
650 ## - SUBJECT ADDED ENTRY--TOPICAL TERM
Topical term or geographic name entry element LEASES
650 ## - SUBJECT ADDED ENTRY--TOPICAL TERM
Topical term or geographic name entry element NEW ZEALAND
650 ## - SUBJECT ADDED ENTRY--TOPICAL TERM
Topical term or geographic name entry element RATCHET CLAUSE
690 ## - LOCAL SUBJECT ADDED ENTRY--TOPICAL TERM (OCLC, RLIN)
Topical term or geographic name as entry element LANDLORD AND TENANT-CASE LAW-RENT REVIEWS
942 ## - ADDED ENTRY ELEMENTS (KOHA)
Suppress in OPAC 0
948 ## - LOCAL PROCESSING INFORMATION (OCLC); SERIES PART DESIGNATOR (RLIN)
c (OCLC) 04/03/1997
Holdings
Withdrawn status Lost status Source of classification or shelving scheme Damaged status Not for loan Home library Current library Shelving location Date acquired Total Checkouts Full call number Barcode Date last seen Copy number Price effective from Koha item type
    Dewey Decimal Classification     London London Journal article 14/09/1999   X3492 30826-1001 06/08/2019 1 06/08/2019 Law report